Cartoonfiguren mit I - Statistiken

Allgemein
  • Dieses Quiz wurde 61 mal gespielt
  • Das Durchschnittsergebnis liegt bei 4 aus 8
Antwortstatistiken
Bildquiz Antwort % Korrekt
Idefix
89%
Ironman
89%
I-Aah
79%
Itchy
51%
Inu Yasha
32%
Ichigo Kurosaki
21%
Inspektor Issel
14%
Isnogud
11%
Keine übereinstimmenden Quizze gefunden
Verteilung der Resultate
Anzahl Personen mit jedem Resultat
Perzentil nach korrekt beantworteten Fragen
Ihre Resultats-Entwicklung
Sie haben dieses Quiz noch nicht gespielt